000 00460nam a2200157 i 4500
001 71582
003 ES-MaACL
005 20230906171153.0
007 t|
008 040812s1972 sp ||||1| spa d
245 0 0 _aGeographica de España /
_c[autores, Eduardo Arce..(et al.)].
260 _a[Barcelona] :
_bPlaza y Janés,
_c[1972]
300 _a191 p., 14 lám. :
_bil. ;
_c25 cm.
700 1 _aArce, Eduardo.
_922448
852 _aES-MaACL
_jC-43023
_bR.83142
999 _c71582
_d71582